Twenty One Pilots - Garbage (Lyrics) - Statistics

General Stats
  • This quiz has been taken 63 times
    53 since last reset
  • The average score is 181 of 211
Answer Stats
Answer % Correct
feel
100%
garbage
100%
I
100%
like
100%
like,
100%
Like,
100%
Like
100%
My
100%
my
100%
systems
100%
less
97%
Or
97%
or
97%
twenty
97%
are
94%
I'm
94%
is
94%
left
94%
No,
94%
no,
94%
percent
94%
the
94%
you
94%
happening?
90%
Do
90%
happening?
90%
if
90%
nothing's
90%
numbers
90%
on
90%
show
90%
what
90%
I'll
87%
down
87%
I'll
87%
Oh-
87%
oh
87%
operating
87%
walk
87%
Would
87%
at
84%
biting
84%
don't
84%
Don't
84%
in
84%
it
84%
shirtsleeve
84%
so
84%
this
84%
(Yeah,
84%
yeah)
84%
yeah
84%
(Yeah
84%
(Yeah)
84%
and
81%
last
81%
lost,
81%
move
81%
out
81%
out,
81%
through
81%
closer
77%
me
77%
When
77%
you're
77%
arm's
74%
give
74%
grew
74%
lash
74%
Maybe
74%
quieter
74%
up
74%
just
71%
reach
71%
was
71%
can't
68%
fix
68%
younger
68%
decide
65%
knew
65%
know
65%
more
65%
it's
61%
name
61%
under?
61%
with
61%
wonder
61%
could
58%
which
58%
Bright-eyed
55%
Ooh,
55%
please,
52%
please
52%
(Hey)
35%
No matching quizzes found
Score Distribution
Percent of People with Each Score
Percentile by Number Answered
Your Score History
You have not taken this quiz since the last reset